Aufbau und Funktion der Haut
Saved in:
| Main Authors: | , |
|---|---|
| Format: | Chapter/Article |
| Language: | German |
| Published: |
2012
|
| In: |
Allergologie-Handbuch
Year: 2012, Pages: 57-61 |
| Online Access: |
|
| Author Notes: | K. Schäkel; A. H. Enk |
MARC
| LEADER | 00000caa a2200000 c 4500 | ||
|---|---|---|---|
| 001 | 772034591 | ||
| 003 | DE-627 | ||
| 005 | 20220810023657.0 | ||
| 007 | tu | ||
| 008 | 131121s2012 xx ||||| 00| ||ger c | ||
| 035 | |a (DE-627)772034591 | ||
| 035 | |a (DE-576)977203459X | ||
| 035 | |a (DE-599)GBV772034591 | ||
| 035 | |a (OCoLC)1340138352 | ||
| 040 | |a DE-627 |b ger |c DE-627 |e rakwb | ||
| 041 | |a ger | ||
| 084 | |a 33 |2 sdnb | ||
| 100 | 1 | |a Schäkel, Knut |0 (DE-588)1032757418 |0 (DE-627)739272896 |0 (DE-576)251064476 |4 aut | |
| 245 | 1 | 0 | |a Aufbau und Funktion der Haut |c K. Schäkel; A. H. Enk |
| 264 | 1 | |c 2012 | |
| 300 | |a 5 | ||
| 336 | |a Text |b txt |2 rdacontent | ||
| 337 | |a ohne Hilfsmittel zu benutzen |b n |2 rdamedia | ||
| 338 | |a Band |b nc |2 rdacarrier | ||
| 700 | 1 | |a Enk, Alexander |d 1963- |0 (DE-588)1032757140 |0 (DE-627)739272535 |0 (DE-576)166173517 |4 aut | |
| 773 | 0 | 8 | |i In |t Allergologie-Handbuch |b 2. Aufl. |d Stuttgart : Schattauer, 2012 |g (2012), Seite 57-61 |h XVIII, 636 S. |w (DE-627)644307102 |w (DE-576)341102148 |z 3794527291 |z 9783794527298 |7 nnam |a Aufbau und Funktion der Haut |
| 773 | 1 | 8 | |g year:2012 |g pages:57-61 |g extent:5 |a Aufbau und Funktion der Haut |
| 951 | |a AR | ||
| 992 | |a 20200325 | ||
| 993 | |a BookComponentPart | ||
| 994 | |a 2012 | ||
| 998 | |g 1032757140 |a Enk, Alexander |m 1032757140:Enk, Alexander |d 910000 |d 911300 |e 910000PE1032757140 |e 911300PE1032757140 |k 0/910000/ |k 1/910000/911300/ |p 2 |y j | ||
| 998 | |g 1032757418 |a Schäkel, Knut |m 1032757418:Schäkel, Knut |d 910000 |d 911300 |e 910000PS1032757418 |e 911300PS1032757418 |k 0/910000/ |k 1/910000/911300/ |p 1 |x j | ||
| 999 | |a KXP-PPN772034591 |e 3613292890 | ||
| BIB | |a Y | ||
| JSO | |a {"physDesc":[{"extent":"5 S."}],"title":[{"title":"Aufbau und Funktion der Haut","title_sort":"Aufbau und Funktion der Haut"}],"type":{"bibl":"chapter"},"name":{"displayForm":["K. Schäkel; A. H. Enk"]},"id":{"eki":["772034591"]},"relHost":[{"type":{"bibl":"edited-book"},"disp":"Aufbau und Funktion der HautAllergologie-Handbuch","person":[{"given":"Joachim","display":"Saloga, Joachim","family":"Saloga","role":"edt"},{"role":"oth","family":"Angerer","given":"Peter","display":"Angerer, Peter"}],"part":{"text":"(2012), Seite 57-61","year":"2012","extent":"5","pages":"57-61"},"physDesc":[{"extent":"XVIII, 636 S.","noteFormat":"29 cm","noteIll":"Ill., graph. Darst."}],"title":[{"title_sort":"Allergologie-Handbuch","title":"Allergologie-Handbuch","subtitle":"Grundlagen und klinische Praxis ; mit Handouts für Patienten und Ärzte zum Download unter www.schattauer.de/saloga-2729.html ; mit 189 Tabellen"}],"note":["Literaturangaben. - Zusätzliches Online-Angebot unter www.schattauer.de/saloga-2729.html"],"name":{"displayForm":["hrsg. von Joachim Saloga ... [Unter Mitarb. von Peter Angerer ...]"]},"id":{"eki":["644307102"],"isbn":["3794527291","9783794527298"]},"language":["ger"],"recId":"644307102","origin":[{"publisher":"Schattauer","publisherPlace":"Stuttgart","dateIssuedKey":"2012","editionNo":"2","edition":"2. Aufl.","dateIssuedDisp":"2012"}]}],"language":["ger"],"person":[{"display":"Schäkel, Knut","given":"Knut","role":"aut","family":"Schäkel"},{"role":"aut","family":"Enk","display":"Enk, Alexander","given":"Alexander"}],"recId":"772034591","origin":[{"dateIssuedDisp":"2012","dateIssuedKey":"2012"}]} | ||
| SRT | |a SCHAEKELKNAUFBAUUNDF2012 | ||